Library of the University of Algiers 3
Ibrahim Sultan Cheibout
شعار جامعة الجزائر 3
مكتبة جامعة الجزائر 3
إبراهيم سلطان شيبوط

الرقابة المالية في الأقطار العربية / (رقم التسجيلة. 44197)

تفاصيل مارك
000 -LEADER
fixed length control field 01898nam a2200229Ia 4500
003 - CONTROL NUMBER IDENTIFIER
control field Ost
005 - DATE AND TIME OF LATEST TRANSACTION
control field 20260507075355.0
008 - FIXED-LENGTH DATA ELEMENTS--GENERAL INFORMATION
fixed length control field 260507s9999||||xx |||||||||||||| ||und||
020 ## - INTERNATIONAL STANDARD BOOK NUMBER
International Standard Book Number 11507099539
040 ## - CATALOGING SOURCE
Transcribing agency fsecg
041 ## - LANGUAGE CODE
Language code of text/sound track or separate title ara
082 ## - DEWEY DECIMAL CLASSIFICATION NUMBER
Classification number 330
100 ## - MAIN ENTRY--PERSONAL NAME
Relator term مؤلف
245 #0 - TITLE STATEMENT
Title الرقابة المالية في الأقطار العربية /
260 ## - PUBLICATION, DISTRIBUTION, ETC.
Place of publication, distribution, etc. بيروت:
Name of publisher, distributor, etc. المنظمة العربية لمكافحة الفساد,
Date of publication, distribution, etc. 2009
300 ## - PHYSICAL DESCRIPTION
Extent 736 صفحة؛
Other physical details إيضاحات ؛
Dimensions 24 سم
520 ## - SUMMARY, ETC.
Summary, etc. الرقابة المالية الفاعلة على مالية الدول العربية في ظل خصوصيات الأوضاع الدولية والإقليمية- النظام المالي للحكومة ودوره في فاعلية الرقابة المالية ومكافحة الفساد- واقع الرقابة المالية في لبنان- واقع الرقابة المالية في مصر- واقع الرقابة المالية في اليمن- واقع الرقابة المالية في المغرب- واقع الرقابة المالية في الاردن- دور السلطة القضائية في دعم عمل أجهزة الرقابة المالية- استقلالية أجهزة الرقابة المالية وعدم اخضاعها للمؤثرات السياسية الضامن الأساسي لفاعليتها في أداء مهامها- الرقابة البرلمانية على السلطة التنفيذية ودورها المحوري في دعم فعالية الرقابة المالية في أقطار الوطن العربي- تحسين أداء الرقابة المالية في الاقطار العربية لبنان، مصر، اليمن، المغرب، الاردن
653 ## - INDEX TERM--UNCONTROLLED
Uncontrolled term الأقطار العربية
653 ## - INDEX TERM--UNCONTROLLED
Uncontrolled term الرقابة المالية
653 ## - INDEX TERM--UNCONTROLLED
Uncontrolled term تدقيق الحسابات
942 ## - ADDED ENTRY ELEMENTS (KOHA)
Koha item type كتب
المقتنيات
Withdrawn status Lost status Source of classification or shelving scheme Damaged status Not for loan Home library Current library Date acquired Serial enumeration / chronology Inventory number Total checkouts Full call number Barcode Date last seen Price effective from Koha item type
    Dewey Decimal Classification   NOT LOAN / إعارة داخلية مكتبة كلية العلوم الإقتصادية والعلوم التجارية وعلوم التسيير مكتبة كلية العلوم الإقتصادية والعلوم التجارية وعلوم التسيير 07/05/2026 الطابق الأرضي 25247   أ/4255ن1 25247 07/05/2026 07/05/2026 كتب
    Dewey Decimal Classification   Available مكتبة كلية العلوم الإقتصادية والعلوم التجارية وعلوم التسيير مكتبة كلية العلوم الإقتصادية والعلوم التجارية وعلوم التسيير 07/05/2026 الطابق الثاني 25248   أ/4255ن2 25248 07/05/2026 07/05/2026 كتب
    Dewey Decimal Classification   Available مكتبة كلية العلوم الإقتصادية والعلوم التجارية وعلوم التسيير مكتبة كلية العلوم الإقتصادية والعلوم التجارية وعلوم التسيير 07/05/2026 الطابق الثاني 25249   أ/4255ن3 25249 07/05/2026 07/05/2026 كتب

موارد الويب المفتوحة


© University of Algiers 3 All Rights Reserved
|
Implemented by LECHELAH Riad